000 02538njm0a2200445 4500
001 RU\NLR\ONIZ\298436
005 20260406074926.0
035 _a(NLR Aleph) 022043754
071 0 0 _a33СМ-01985-6
090 _a13285398
_c13285398
100 _a20230629f19681973|||y0rusy50 ca
102 _aRU
126 _aabbxexu ux
_bxxx
127 _a004000
200 1 _aЖизнь героя
_bЗвукозапись
_eсимфоническая поэма
_eсоч. 40
_fР. Штраус
_gисполняют: М. Черняховский, скрипка, Большой симфонический оркестр Всесоюзного радио, дирижёр Г. Рождественский
203 _aМузыка
_bисполнительская
_cаудио
210 _aМосква
_cМелодия
_gВСГ
_eМосква
_d[19--]
215 _a1 грп. [ГОСТ 5289-68] (40 мин) : 33 об/мин, стерео
_d30 см, в конв.
300 _aЗапись из концертного зала 1969 г.
300 _aКоммент. на конв.
606 1 _aКомпозиторы зарубежные
_yГермания
_z19-20 вв.
_jЗвукозапись
_2nlr_sh
_7ca
606 1 _aПоэмы симфонические для оркестра
_yГермания
_z19 век
_jЗвукозапись
_2nlr_sh
_7ca
606 1 _aДирижёры советские российские
_z20-21 вв.
_jЗвукозапись
_2nlr_sh
606 1 _aОркестры симфонические советские
_z20 век
_jЗвукозапись
_2nlr_sh
686 0 _aЩ951.1-051(4Г)
700 1 _4230
_7ca
_8rus
_aШтраус
_bР.
_f1864-1949
_gРихард
_3RU\NLR\AUTH\770156068
_9156029
702 1 _9z02790
_aРождественский
_bГ.Н.
_cдирижёр
_f1931-2018
_gГеннадий Николаевич
_4250
_7ca
702 1 _9z03790
_aЧерняховский
_bМ.
_cскрипка
_f1926-
_gМихаил
_4545
_4svl
_7ca
712 0 2 _aБольшой симфонический оркестр Всесоюзного радио
_4590
_7ca
790 1 _4230
_7ba
_8ger
_aStrauss
_bR.
_f1864-1949
_gRichard
_9263792
_3RU\NLR\AUTH\770263848
790 1 _9z02702
_aRoždestvenskij
_bG.
_f1931-2018
_gGennadij
_4250
_7ba
790 1 _9z03702
_aČernjachovskij
_bM.
_cviolin
_f1926-
_gMichail
_4545
_4svl
_7ca
801 0 _aRU
_bNLR
_c20230629
_gPSBO
801 1 _aRU
_bNLR
_c20230629
_2rusmarc
801 2 _aRU
_bNLR
_c20231001
852 _aNLR
_bМг
_j3/620
_p29866
_t1
942 _cREC
980 _aNB
980 _aONIZ